000 00707nam a2200217 a 4500
999 _c10991
_d10991
001 10991
003 BD-JhCC
005 20190717085220.0
008 190617s2017 bg |||| |||| 000 0 ben d
020 _a9789849300113
035 _a(BD-JhCC)10991
040 _aBD-JhCC
_dBD-JhCC
041 _aben
082 _a891.4409
_bDAS 2017
100 _aদাশগুপ্ত, রণেশ
245 _aযদিও হাওয়া উল্টোপাল্টা /
_cরণেশ দাশগুপ্ত,
260 _aঢাকা :
_bপ্রথমা প্রকাশ,
_c২০১৭.
300 _a৩২৭ পৃ. :
_c২০ সেমি.
650 _aBengali Literature
942 _2ddc
_cBK